000 00525nam a22001937a 4500
003 KOHA_MİRAKIL
005 20250416185337.0
008 250416b tu ||||| |||| 00| 0 tur d
020 _a9789750841033
040 _aTR-AnABB
_btur
_cTR-AnABB
041 _atur
082 _a843.914
_bPAR 2022
100 1 _aParry, B.F.,
245 1 0 _aOniria /
_cB. F. Parry
260 _aİstanbul :
_bYapı Kredi Yayınları ,
_c2022
300 _a305 sayfa ;
_c20 cm
650 0 4 _aFransız edebiyatı, roman
942 _2ddc
_cBK
999 _c8736
_d8736
900 _bGizem YORULMAZ